| 000 | 01899nam a22003255a 4500 | ||
|---|---|---|---|
| 999 |
_c12517 _d12517 |
||
| 001 | 12517 | ||
| 003 | BD-JhCC | ||
| 005 | 20220612124855.0 | ||
| 008 | 220611s2015 gw |||| o |||| 0|eng | ||
| 020 | _a9783662466605 | ||
| 035 | _aBD-JhCC (12517) | ||
| 040 |
_aDLC _epn _erda _cDLC _dBD-JhCC |
||
| 041 | _aeng | ||
| 072 | 7 |
_aJPS _2bicssc |
|
| 082 | 0 | 4 |
_a327 _223 _bALI 2015 |
| 100 | 1 | _aAli, S. Mahmud. | |
| 245 | 1 | 0 |
_aUS-China Strategic Competition : _bTowards a New Power Equilibrium / _cby S. Mahmud Ali. |
| 250 | _a1st ed. 2015. | ||
| 260 |
_aLondon : _bSpringer, _c2015. |
||
| 300 |
_a1 online resource (XIV, 230 pages) _c21 cm. |
||
| 505 | 0 | _aPreface -- 1 From Tacit Allies to Strategic Competitors -- 2 System Transitional Fluidity -- 3 The Asian Pivot and a New Bipolarity -- 4 Maritime Disputes: Regional Hotspots or Systemic Flashpoints? -- 5 Strategic Competition in a Globalised World -- 6 Accommodation or Annihilation?. | |
| 520 | _aThis book examines the nature and consequences of strategic competition between the US and China, which affects the global security landscape and the emerging security architecture across the broader Asia-Pacific region. The author illustrates the evolution of Sino-US security interactions from the anti-Soviet alliance, to temporary marginalization, to eventual strategic competition and examines cases that could potentially escalate into greater conflicts. The analysis offers tantalizing glimpses into both the dangers and promising opportunities presented by this strategic fork in the road, making it of great interest to researchers and scholars in the fields of international relations and security studies. | ||
| 650 | 0 | _aHistory. | |
| 650 | 0 | _aHuman geography. | |
| 650 | 0 | _aInternational relations. | |
| 650 | 1 | 4 | _aInternational Relations. |
| 650 | 2 | 4 | _aHistory, general. |
| 650 | 2 | 4 | _aHuman Geography. |
| 942 |
_2ddc _cBK |
||